| 000 | 00541nam a2200205Ia 4500 | ||
|---|---|---|---|
| 003 | 0100 | ||
| 008 | 130303s9999 xx 000 0 und d | ||
| 040 | _cARRUPELIB | ||
| 050 | _aBX825.M3 | ||
| 245 | 4 | _aThe General council | |
| 245 | _bspecial studies in doctrinal and historical background | ||
| 260 | _aWashington, D.C. | ||
| 260 | _bThe Catholic University of America Press | ||
| 260 | _C1962 | ||
| 300 | _a182p. | ||
| 300 | _b 23 cm | ||
| 650 | _bKings and rulers | ||
| 700 | _aMcDonald, William J. (ed.) | ||
| 942 |
_2lcc _01 |
||
| 999 |
_c65312 _d65312 |
||